| 000 | 00812nam a22002177a 4500 | ||
|---|---|---|---|
| 008 | 240212t2002 ch a br 000 1 spa d | ||
| 020 | _a9781863747615 | ||
| 037 | _3Donación | ||
| 040 |
_aCO-JMCR _cCO-JMCR _dCO-JMCR _erda _bspa |
||
| 041 | 0 | _aeng | |
| 082 |
_aA _bCROt |
||
| 100 | 1 |
_942924 _aCroser, Josephine, _d1943- _eautor |
|
| 245 | 1 | 4 |
_aThe fish bowl / _cJosephine Croser ; fotografías de Nigel Croser |
| 264 |
_aAustralia : _bNational Library of Australia , _c©2002 |
||
| 300 |
_a16 páginas : _bFotografías a color ; _c21 cm. |
||
| 520 | 3 | _aThe fish bowl. What can you see in the fish bowl? What can the fish see? | |
| 650 | 1 | 4 |
_943366 _zAustralia |
| 650 | 2 | 4 | _943367 |
| 700 |
_aCroser, Nigel, _943368 |
||
| 999 |
_c30560 _d16944 |
||